000 00376nam a2200157 i 4500
001 bg
100 1 _aCASE, Kenneth M.
245 0 _aLinejnaja teorija perenosa /
_cK. Kejz, P. Cwajfel.
260 _aMoskva,
_c1972.
700 1 _aZWEIFEL, Paul F.
040 _cBPK
041 _apol
080 _a539.125:519.5
942 _cKS
008 s pl f |000 0 pol
999 _c15077
_d15077
856 _uhttp://koha.tu.koszalin.pl/cgi-bin/koha/opac-detail.pl?biblionumber=15077
_yKatalog online BPK